Clinical skills, diagnostics and reasoning (Record no. 83540)
[ view plain ]
| 000 -LEADER | |
|---|---|
| fixed length control field | 00824 a2200253 4500 |
| 003 - CONTROL NUMBER IDENTIFIER | |
| control field | CBULib |
| 005 - DATE AND TIME OF LATEST TRANSACTION | |
| control field | 20231219141900.0 |
| 008 - FIXED-LENGTH DATA ELEMENTS--GENERAL INFORMATION | |
| fixed length control field | 231124b |||||||| |||| 00| 0 eng d |
| 020 ## - INTERNATIONAL STANDARD BOOK NUMBER | |
| International Standard Book Number | 9781911510505 |
| 040 ## - CATALOGING SOURCE | |
| Language of cataloging | English |
| Transcribing agency | CBULib |
| Description conventions | rda |
| 041 ## - LANGUAGE CODE | |
| Language code of text/sound track or separate title | eng |
| 100 ## - MAIN ENTRY--PERSONAL NAME | |
| Personal name | Lovell, Ben |
| 245 ## - TITLE STATEMENT | |
| Title | Clinical skills, diagnostics and reasoning |
| Statement of responsibility, etc | / by Ben Lovell; Mark Lander and Nick Murch |
| 260 ## - PUBLICATION, DISTRIBUTION, ETC. (IMPRINT) | |
| Name of publisher, distributor, etc | Scion Publishing Ltd., |
| Date of publication, distribution, etc | 2020. |
| Place of publication, distribution, etc | Banbury, UK : |
| 300 ## - PHYSICAL DESCRIPTION | |
| Extent | xi, 423 pages : illustrations |
| 336 ## - CONTENT TYPE | |
| Source | rdacontent |
| Content type term | Text | |
| Content type code | txt |
| 337 ## - MEDIA TYPE | |
| Source | rdamedia |
| Media type term | Unmediated | |
| Media type code | n |
| 338 ## - CARRIER TYPE | |
| Source | rdacarrier |
| Carrier type term | Volume |
| Carrier type code | nc |
| 650 #0 - SUBJECT ADDED ENTRY--TOPICAL TERM | |
| Source of heading or term | Library of Congress |
| 9 (RLIN) | 1147 |
| Topical term or geographic name as entry element | PHYSICAL DIAGNOSIS |
| 650 #0 - SUBJECT ADDED ENTRY--TOPICAL TERM | |
| Source of heading or term | Library of Congress |
| 9 (RLIN) | 1148 |
| Topical term or geographic name as entry element | PHYSICIAN AND PATIENT |
| 700 ## - ADDED ENTRY--PERSONAL NAME | |
| 9 (RLIN) | 1149 |
| Personal name | Lander, Mark |
| 700 ## - ADDED ENTRY--PERSONAL NAME | |
| 9 (RLIN) | 1150 |
| Personal name | Murch, Nick |
| 942 ## - ADDED ENTRY ELEMENTS (KOHA) | |
| Source of classification or shelving scheme | |
| Koha item type | MONOGRAPH |
| Withdrawn status | Lost status | Source of classification or shelving scheme | Damaged status | Not for loan | Collection code | Permanent Location | Current Location | Shelving location | Date acquired | Source of acquisition | Total Checkouts | Full call number | Barcode | Date last seen | Copy number | Price effective from | Koha item type |
|---|---|---|---|---|---|---|---|---|---|---|---|---|---|---|---|---|---|
| Michael Chilufya Sata Collection | CBU-MICHAEL CHILUFYA SATA LIBRARY | CBU-MAIN LIBRARY, KITWE. | General Stacks | 11/24/2023 | DON-BOOKAID | RC 76 Lov | 905437 | 11/24/2023 | 1 | 11/24/2023 | MONOGRAPH | ||||||
| Michael Chilufya Sata Collection | CBU-MICHAEL CHILUFYA SATA LIBRARY | CBU-MAIN LIBRARY, KITWE. | General Stacks | 12/19/2023 | Book Aid International | RC 76 Lov | 905560 | 12/19/2023 | 1 | 12/19/2023 | MONOGRAPH | ||||||
| Michael Chilufya Sata Collection | CBU-MICHAEL CHILUFYA SATA LIBRARY | CBU-MAIN LIBRARY, KITWE. | General Stacks | 12/19/2023 | Book Aid International | RC 76 Lov | 905561 | 12/19/2023 | 2 | 12/19/2023 | MONOGRAPH | ||||||
| Medical Library Collection | CBU-MICHAEL CHILUFYA SATA LIBRARY | CBU-MAIN LIBRARY, KITWE. | General Stacks | 12/19/2023 | Book Aid International | RC 76 Lov | 905562 | 12/19/2023 | 3 | 12/19/2023 | MONOGRAPH | ||||||
| Medical Library Collection | CBU-SCHOOL OF MEDICINE LIBRARY, NDOLA. | CBU-MAIN LIBRARY, KITWE. | General Stacks | 12/19/2023 | Book Aid International | RC 76 Lov | 905563 | 12/19/2023 | 4 | 12/19/2023 | MONOGRAPH |